Income Inequality and the Size of Government: A Causal Analysis

Gespeichert in:
Bibliographische Detailangaben
1. Verfasser: Guzi, Martin
Weitere Verfasser: Kahanec, Martin, 1977-
Format: Buchkapitel
Sprache:Englisch
Tags: Tag hinzufügen
Keine Tags, Fügen Sie das erste Tag hinzu!

MARC

LEADER 00000naa$a2200000$$$4500
001 0249811
005 20240502083712.3
041 0 |a eng 
044 |a CZ 
245 1 0 |a Income Inequality and the Size of Government: A Causal Analysis  |c Martin Guzi, Martin Kahanec 
500 |a Abstrakt 
100 1 |a Guzi, Martin 
700 1 |a Kahanec, Martin, 1977-